|
|
|
|
| LEADER |
01344nam a2200265 a 4500 |
| 001 |
00016010 |
| 003 |
BD-DhAAL |
| 008 |
130403s2007 bg 000 0 ben d |
| 020 |
|
|
|a 9844105544
|
| 040 |
|
|
|a BD-DhAAL
|c BD-DhAAL
|
| 041 |
|
|
|a ben
|
| 082 |
0 |
0 |
|a 954.92
|2 22
|
| 100 |
1 |
|
|a চৌধুরী, আফসান.
|
| 245 |
1 |
0 |
|a বাংলাদেশ ১৯৭১,
|n প্রথম খন্ড /
|c আফসান চৌধুরী.
|
| 260 |
|
|
|a ঢাকা :
|b মাওলা ব্রাদার্স,
|c ২০০৭.
|
| 300 |
|
|
|a ৬৬৪ পৃষ্ঠা ;
|c ২৩ সে.মি.
|
| 500 |
|
|
|a নির্ঘণ্ট অন্তর্ভূক্ত
|
| 541 |
1 |
|
|e 00016010
|
| 650 |
|
0 |
|a Bangladesh
|x History
|x Revolution
|y 1971.
|
| 852 |
1 |
|
|a Ayesha Abed Library
|j General shelf
|
| 942 |
0 |
0 |
|0 2
|2 ddc
|c BK
|
| 999 |
|
|
|c 13272
|d 13272
|
| 952 |
|
|
|0 0
|1 0
|2 ddc
|4 0
|6 954_920000000000000_CHO
|7 0
|9 22161
|a BRACUL
|b BRACUL
|c BNC
|d 2013-04-03
|l 14
|m 82
|o 954.92 CHO
|p 3010016010
|r 2016-05-02
|s 2016-02-08
|t 1
|w 2013-04-03
|y BK
|
| 952 |
|
|
|0 0
|1 0
|2 ddc
|4 0
|6 954_920000000000000_CHO
|7 0
|9 54854
|a BRACUL
|b BRACUL
|c BNC
|d 2015-07-08
|l 6
|m 10
|o 954.92 CHO
|p 3010029533
|r 2026-01-21
|s 2025-12-29
|t 2
|w 2015-07-08
|y BK
|
| 952 |
|
|
|0 0
|1 0
|2 ddc
|4 0
|6 954_920000000000000_CHO
|7 0
|9 60459
|a SCL
|b SCL
|c GEN
|d 2017-04-27
|e Gift :
|l 6
|o 954.92 CHO
|p 3020008771
|r 2025-04-29
|s 2025-04-23
|t 3
|w 2017-04-27
|y BK
|